Technológia tepelného spracovania hriadeliek pre špeciálne dvojradové guľôčkové ložisko z ocele STN 41 4109 s použitím indukčného ohrevu pre povrchové kalenie : Bakalárska práca

Gespeichert in:
Bibliographische Detailangaben
1. Verfasser: Krakovský, Filip, 1983- (Verfasst von)
Weitere Verfasser: Šamaj, František, 1945- (xxx)
Format: Manuskript Buch
Sprache:Slowakisch
Veröffentlicht: Trnava : STU v Bratislave MtF KMI, 2005
Schlagworte:
Tags: Tag hinzufügen
Keine Tags, Fügen Sie das erste Tag hinzu!

MARC

LEADER 00000ntm a22000003a 4500
001 stu97649
005 20150617225815.8
008 051116s2005----xo------------------slo-d
040 |a STU  |b slo 
041 0 |a slo 
044 |a xo 
100 1 |a Krakovský, Filip,  |d 1983-  |4 aut  |u M140  |T MTF Katedra zvárania  |X 28417  |U M140  |Y M140  |7 A000028417 
245 1 |a Technológia tepelného spracovania hriadeliek pre špeciálne dvojradové guľôčkové ložisko z ocele STN 41 4109 s použitím indukčného ohrevu pre povrchové kalenie :  |b Bakalárska práca 
260 |a Trnava :  |b STU v Bratislave MtF KMI,  |c 2005 
300 |a 52 s  |c 1 CD 
650 7 |a materiálové inžinierstvo  |2 stusub 
650 7 |a kalenie  |2 stusub 
650 7 |a martenzitická premena  |2 stusub 
650 7 |a popúšťanie  |2 stusub 
700 1 |a Šamaj, František,  |d 1945-  |4 xxx  |u M130  |U MTF Materiálovotechnologická fakulta  |T MTF Katedra materiálového inžinierstva  |X 246  |U M130  |Y 481  |7 A000000246 
996 |b 284M063582  |c M*BP-1581  |l MMSKP  |s P  |a 0  |w stu97649_0001